A Odisseia de Homero adaptada para jovens (Record no. 1651)

MARC details
000 -Etiqueta do registo
Valores 00688nam a2200241 4500
010 ## - Número ISBN
ISBN 9789897224744
021 ## - Número do Depósito Legal
Código do país Portugal
Número 440242/18
100 ## - Dados gerais de processamento
Dados gerais 20240226d2018 a||y0pory50030103ba
101 ## - Língua de publicação
Língua Português
102 ## - País de publicação
País Portugal
200 ## - Titulo e menção de responsabilidade
Título próprio A Odisseia de Homero adaptada para jovens
Primeira menção de responsabilidade Frederico Lourenço
Outras menções de responsabilidade des. Richard Luchi
205 ## - Menção da edição
Edição 1ª edição
210 ## - Publicação
Local de publicação Lisboa
Nome do editor Quetzal
Data de publicação 2018
215 ## - Descrição física 
Paginação / Volumes 356, [4] p.
Outras indicações físicas il.
Dimensões 21 cm
300 ## - Notas gerais 
Texto da nota BMB-Registado
675 ## - CDU
Notação 087.5
Edição BMB
Língua por
702 ## - Autor secundário (pessoa individual)
Apelido Lourenço
Nome Frederico
Datas 1963-
Função Adaptador
ID Autoridade 1900
702 ## - Autor secundário (pessoa individual)
Apelido Luchi
Nome Richard de
Datas 1947-
Função Ilustrador
ID Autoridade 1901
702 ## - Autor secundário (pessoa individual)
Apelido Homero
Datas séc. VII a.C.
ID Autoridade 1902
801 ## - Fonte de origem
País PT
Agência BMB
Regras de catalogação RPC
990 ## - Elementos KOHA
Tipo de documento Livro

No items available.

Biblioteca Municipal de Borba

Powered by Koha